Dettagli MARC
| 000 -LEADER |
| fixed length control field |
03014njm a2200529Ia 4500 |
| 001 - CONTROL NUMBER |
| control field |
F2127 |
| 003 - CONTROL NUMBER IDENTIFIER |
| control field |
IT-RoPAU |
| 005 - DATE AND TIME OF LATEST TRANSACTION |
| control field |
20220918181114.0 |
| 008 - FIXED-LENGTH DATA ELEMENTS--GENERAL INFORMATION |
| fixed length control field |
131025s9999 xx 000 0 und d |
| 040 ## - CATALOGING SOURCE |
| Original cataloging agency |
IT-RoPAU |
| 040 ## - CATALOGING SOURCE |
| Transcribing agency |
IT-RoPAU |
| 999 ## - SYSTEM CONTROL NUMBERS (KOHA) |
| Koha Dewey Subclass [OBSOLETE] |
n.d. |
| 100 ## - MAIN ENTRY--PERSONAL NAME |
| Personal name |
AA.VV. |
| 9 (RLIN) |
794 |
| 100 ## - MAIN ENTRY--PERSONAL NAME |
| Relator term |
Autore musica |
| 9 (RLIN) |
32465 |
| 100 ## - MAIN ENTRY--PERSONAL NAME |
| Miscellaneous information |
Codice autore musica SPICS: 12000 |
| 9 (RLIN) |
796 |
| 245 ## - TITLE STATEMENT |
| Title |
Elusive |
| 250 ## - EDITION STATEMENT |
| Edition statement |
1a ed. |
| 260 ## - PUBLICATION, DISTRIBUTION, ETC. (IMPRINT) |
| Place of publication, distribution, etc. |
MILANO |
| 260 ## - PUBLICATION, DISTRIBUTION, ETC. (IMPRINT) |
| Name of publisher, distributor, etc. |
RUSCONI |
| Date of publication, distribution, etc. |
1998 [1a Ed.:0] |
| 300 ## - PHYSICAL DESCRIPTION |
| Extent |
COMPACT DISC |
| 300 ## - PHYSICAL DESCRIPTION |
| Dimensions |
74 minuti (Testo: 0 pag.) |
| 500 ## - GENERAL NOTE |
| General note |
Musica jazz. Cd fuori commercio allegato al n. 6 '98 della rivista "Musica jazz". |
| 505 ## - FORMATTED CONTENTS NOTE |
| Formatted contents note |
Syeeda's Song Flute [(New York 1982) (6:00)] - A Child Is Born [(Danimarca 1993) (7:00)] - Confirmation [(New York 1977) (7:00)] - Birk's Works [(New York 1978) (6:00)] - Rachel's Rondo [(New York 1980) (6:00)] - Naima [(New York 1982) (5:00)] - Elusive [(Danimarca 1993) (8:00)] - A Blue Time [(New York 1977) (7:00)] - Light Blue [(New York 1982) (6:00)] - Minor Perhaps [(New York 1980) (7:00)] - They Say It's Spring [(New York 1978) (6:00)] - Giant Steps [(New York 1982) (7:00)] |
| 511 ## - PARTICIPANT OR PERFORMER NOTE |
| Participant or performer note |
Flanagan Tommy: p; Mraz George: cb; Foster Al: batt |
| 511 ## - PARTICIPANT OR PERFORMER NOTE |
| Participant or performer note |
Flanagan Tommy: p; Lundgaard Jesper: cb; Nash Lewis: batt |
| 511 ## - PARTICIPANT OR PERFORMER NOTE |
| Participant or performer note |
Flanagan Tommy: p; Mraz George: cb; Jones Elvin: batt |
| 511 ## - PARTICIPANT OR PERFORMER NOTE |
| Participant or performer note |
Flanagan Tommy: p; Mraz George: cb |
| 511 ## - PARTICIPANT OR PERFORMER NOTE |
| Participant or performer note |
Flanagan Tommy: p; Mitchell Red: cb; Jones Elvin: batt |
| 511 ## - PARTICIPANT OR PERFORMER NOTE |
| Participant or performer note |
Flanagan Tommy: p; Mraz George: cb; Foster Al: batt |
| 511 ## - PARTICIPANT OR PERFORMER NOTE |
| Participant or performer note |
Flanagan Tommy: p; Lundgaard Jesper: cb; Nash Lewis: batt |
| 511 ## - PARTICIPANT OR PERFORMER NOTE |
| Participant or performer note |
Flanagan Tommy: p; Mraz George: cb; Jones Elvin: batt |
| 511 ## - PARTICIPANT OR PERFORMER NOTE |
| Participant or performer note |
Flanagan Tommy: p; Mraz George: cb; Taylor Art: batt |
| 511 ## - PARTICIPANT OR PERFORMER NOTE |
| Participant or performer note |
Flanagan Tommy: p; Mitchell Red: cb; Jones Elvin: batt |
| 511 ## - PARTICIPANT OR PERFORMER NOTE |
| Participant or performer note |
Flanagan Tommy: p; Mraz George: cb |
| 511 ## - PARTICIPANT OR PERFORMER NOTE |
| Participant or performer note |
Flanagan Tommy: p; Mraz George: cb; Foster Al: batt |
| 650 ## - SUBJECT ADDED ENTRY--TOPICAL TERM |
| Topical term or geographic name as entry element |
JAZZ [COMPACT DISC] |
| Relator term |
Codice MATERIA SPICS: 9949 |
| 9 (RLIN) |
11822 |
| 700 ## - ADDED ENTRY--PERSONAL NAME |
| Personal name |
Flanagan Tommy |
| Miscellaneous information |
Codice interprete SPICS: 16181 |
| Relator term |
Interprete |
| 9 (RLIN) |
32466 |
| 700 ## - ADDED ENTRY--PERSONAL NAME |
| Personal name |
Coltrane John William |
| Miscellaneous information |
Codice autore musica SPICS: 10732 |
| Relator term |
Autore musica |
| Name of part/section of a work |
Syeeda's Song Flute - Naima - Giant Steps |
| 9 (RLIN) |
32467 |
| 700 ## - ADDED ENTRY--PERSONAL NAME |
| Personal name |
Jones Thad |
| Miscellaneous information |
Codice autore musica SPICS: 13030 |
| Relator term |
Autore musica |
| Name of part/section of a work |
A Child Is Born - Elusive |
| 9 (RLIN) |
32468 |
| 700 ## - ADDED ENTRY--PERSONAL NAME |
| Personal name |
Parker Charlie (B.) |
| Miscellaneous information |
Codice autore musica SPICS: 10799 |
| Relator term |
Autore musica |
| Name of part/section of a work |
Confirmation |
| 9 (RLIN) |
32469 |
| 700 ## - ADDED ENTRY--PERSONAL NAME |
| Personal name |
Gillespie Dizzy |
| Miscellaneous information |
Codice autore musica SPICS: 10777 |
| Relator term |
Autore musica |
| Name of part/section of a work |
Birk's Works |
| 9 (RLIN) |
32470 |
| 700 ## - ADDED ENTRY--PERSONAL NAME |
| Personal name |
Flanagan Tommy |
| Miscellaneous information |
Codice autore musica SPICS: 16181 |
| Relator term |
Autore musica |
| Name of part/section of a work |
Rachel's Rondo - Minor Perhaps |
| 9 (RLIN) |
32471 |
| 700 ## - ADDED ENTRY--PERSONAL NAME |
| Personal name |
Dameron Tadd |
| Miscellaneous information |
Codice autore musica SPICS: 10526 |
| Relator term |
Autore musica |
| Name of part/section of a work |
A Blue Time |
| 9 (RLIN) |
32472 |
| 700 ## - ADDED ENTRY--PERSONAL NAME |
| Personal name |
Monk Thelonious |
| Miscellaneous information |
Codice autore musica SPICS: 10795 |
| Relator term |
Autore musica |
| Name of part/section of a work |
Light Blue |
| 9 (RLIN) |
32473 |
| 700 ## - ADDED ENTRY--PERSONAL NAME |
| Personal name |
Haymes B. |
| Miscellaneous information |
Codice autore musica SPICS: 50654 |
| Relator term |
Autore musica |
| Name of part/section of a work |
They Say It's Spring |
| 9 (RLIN) |
32474 |
| 942 ## - ADDED ENTRY ELEMENTS (KOHA) |
| Koha item type |
CD AUDIO |
| Source of classification or shelving scheme |
Dewey Decimal Classification |